000 00367nam a22001457a 4500
003 OSt
008 250221b |||||||| |||| 00| 0 eng d
041 _aeng
082 _a530
100 _aKamal, AA
_97207
245 _aSolutions to Resnick and Halliday Physics Part11
250 _a1st
260 _aDelhi;
_bNew Age International Publishers,
_c1994.
942 _cBK
999 _c19426
_d19426